[Event "World Junior Chess Championship U18 g"]
[Site "Gaziantep"]
[Date "2008.08.03"]
[Round "1.8"]
[White "Berke, Ana"]
[Black "Severiukhina, Zoja"]
[Result "0-1"]
[WhiteElo "2100"]
[BlackElo "2300"]
[PlyCount "80"]
[EventDate "2008.08.??"]
[EventType "swiss"]
[EventRounds "13"]
[EventCountry "TUR"]

1. e4 e6 2. d3 d5 3. Nd2 b6 4. Ngf3 Bb7 5. g3 Nf6 6. Qe2 c5 7. Bg2 Nc6 8. O-O
Be7 9. Re1 h6 10. h4 Nb4 11. e5 Nd7 12. Nf1 Qc7 13. c3 Nc6 14. Bf4 O-O-O 15.
Rab1 Rdg8 16. Qd2 g5 17. hxg5 hxg5 18. Nxg5 Bxg5 19. Bxg5 Ncxe5 20. d4 Nc4 21.
Qc1 f6 22. Be3 Nd6 23. dxc5 bxc5 24. b4 d4 25. cxd4 Bxg2 26. Kxg2 Qb7+ 27. f3
Nf5 28. Qd1 Nb6 29. Kf2 Nxg3 30. bxc5 Nh1+ 31. Ke2 Qa6+ 32. Kd2 Rg2+ 33. Re2
Qxa2+ 34. Kc3 Nd5+ 35. Kd3 Rxe2 36. Ra1 Nb4+ 37. Kc3 Qb2+ 38. Kc4 Rc2+ 39. Kb5
Nd5+ 40. Kc6 Qb7+ 0-1

[Event "World Junior Chess Championship U18 g"]
[Site "Gaziantep"]
[Date "2008.08.03"]
[Round "1.9"]
[White "Hoolt, Sarah"]
[Black "Shamima, Akter"]
[Result "1-0"]
[WhiteElo "2298"]
[BlackElo "2099"]
[PlyCount "67"]
[EventDate "2008.08.??"]
[EventType "swiss"]
[EventRounds "13"]
[EventCountry "TUR"]

1. e4 c5 2. Nf3 Nc6 3. Bb5 e6 4. O-O Nf6 5. Re1 Qc7 6. c3 d5 7. exd5 Nxd5 8. d4
cxd4 9. Nxd4 Bd7 10. Nxe6 Bxe6 11. Qxd5 Bd6 12. Qh5 O-O 13. Bg5 Ne5 14. h3 Qb6
15. a4 a6 16. Be3 Qc7 17. Bf1 Ng6 18. Nd2 Nf4 19. Bxf4 Bxf4 20. Ne4 Rad8 21. g3
Be5 22. Ng5 Bf5 23. Nf3 g6 24. Qh4 Bg7 25. Bg2 Qb6 26. Re2 Bd3 27. Rd2 Bf6 28.
Ng5 h5 29. Qf4 Bf5 30. Rad1 Kg7 31. Ne4 Bxe4 32. Rd6 Rxd6 33. Rxd6 Qxb2 34.
Qxf6+ 1-0

[Event "World Junior Chess Championship U18 g"]
[Site "Gaziantep"]
[Date "2008.08.03"]
[Round "1.10"]
[White "Efroimski, Marsel"]
[Black "Soumya, Swaminathan"]
[Result "0-1"]
[WhiteElo "2091"]
[BlackElo "2293"]
[PlyCount "90"]
[EventDate "2008.08.??"]
[EventType "swiss"]
[EventRounds "13"]
[EventCountry "TUR"]

1. e4 c5 2. Nf3 d6 3. d4 cxd4 4. Nxd4 Nf6 5. Nc3 e6 6. g4 h6 7. Rg1 Nc6 8. Bb5
Bd7 9. h4 h5 10. g5 Ng4 11. Be2 Qb6 12. Bxg4 Nxd4 13. Be3 hxg4 14. Bxd4 Qa5 15.
Rh1 Qxg5 16. hxg5 Rxh1+ 17. Ke2 Rxd1 18. Rxd1 b5 19. Rh1 b4 20. Nb1 Rc8 21. c3
e5 22. Be3 Bb5+ 23. Kd2 Bc6 24. cxb4 Bxe4 25. Rc1 Rxc1 26. Kxc1 a6 27. Nd2 Bd3
28. Nb3 Bb5 29. Kd2 Be7 30. Kc2 Kd7 31. Na5 d5 32. Kb3 d4 33. Bd2 Be2 34. Nc4
Ke6 35. a4 Bd1+ 36. Ka3 f5 37. gxf6 gxf6 38. b3 f5 39. Kb2 f4 40. b5 axb5 41.
axb5 Bf3 42. Be1 Bh4 43. Nd2 Bd5 44. Nf1 e4 45. Bd2 g3 0-1

[Event "World Junior Chess Championship U18 g"]
[Site "Gaziantep"]
[Date "2008.08.03"]
[Round "1.11"]
[White "Daulyte, Deimante"]
[Black "Ikonomopoulou, Maria"]
[Result "1/2-1/2"]
[WhiteElo "2288"]
[BlackElo "2074"]
[PlyCount "117"]
[EventDate "2008.08.??"]
[EventType "swiss"]
[EventRounds "13"]
[EventCountry "TUR"]

1. e4 e5 2. Nf3 Nc6 3. Bb5 a6 4. Ba4 Nf6 5. O-O Nxe4 6. d4 exd4 7. Re1 d5 8.
Nxd4 Bd6 9. Nxc6 Bxh2+ 10. Kh1 Qh4 11. Rxe4+ dxe4 12. Qd8+ Qxd8 13. Nxd8+ Kxd8
14. Kxh2 Be6 15. Nc3 c5 16. Nxe4 b5 17. Nxc5 bxa4 18. Bg5+ Kc7 19. Nxe6+ fxe6
20. Re1 Kd7 21. Rd1+ Kc6 22. Rd4 Rab8 23. Bc1 a5 24. Rxa4 Rb4 25. Ra3 Rc4 26.
c3 a4 27. Bd2 Rd8 28. b3 axb3 29. axb3 Rc5 30. Ra2 Rxd2 31. Rxd2 Rxc3 32. b4
Rc4 33. Rb2 Kb5 34. Re2 Kxb4 35. Rxe6 Rc7 36. Rd6 Rf7 37. Kg3 Kc5 38. Rd8 Kc6
39. f3 Kc7 40. Rh8 h6 41. Kg4 Kd6 42. Re8 Kd7 43. Re4 Rf6 44. f4 Kd6 45. Kh5
Kd7 46. g3 Kd8 47. g4 Kd7 48. g5 hxg5 49. fxg5 Rd6 50. Re5 Rc6 51. Ra5 Ke7 52.
Ra7+ Kf8 53. Ra8+ Ke7 54. Ra7+ Kf8 55. Kg4 g6 56. Kf4 Rc5 57. Ra6 Kg7 58. Re6
Rc4+ 59. Kf3 1/2-1/2

[Event "World Junior Chess Championship U18 g"]
[Site "Gaziantep"]
[Date "2008.08.03"]
[Round "1.12"]
[White "Middelveld, Martine"]
[Black "Mamedjarova, Turkan"]
[Result "0-1"]
[WhiteElo "2073"]
[BlackElo "2284"]
[PlyCount "60"]
[EventDate "2008.08.??"]
[EventType "swiss"]
[EventRounds "13"]
[EventCountry "TUR"]

1. d4 d5 2. c4 e6 3. Nf3 Nf6 4. e3 Be7 5. Nbd2 O-O 6. Bd3 b6 7. b3 Bb7 8. Bb2
Ne4 9. O-O f5 10. Ne5 Nd7 11. f4 Nxe5 12. fxe5 Bg5 13. Qe2 Bh6 14. Bxe4 dxe4
15. Rf2 c5 16. d5 exd5 17. cxd5 Qxd5 18. Nc4 Ba6 19. Rd1 Bxc4 20. bxc4 Qf7 21.
Rd6 Rad8 22. Rf1 Rxd6 23. exd6 Qe6 24. Rd1 Rd8 25. Qd2 Qxc4 26. Be5 Qe6 27. Bg3
Rd7 28. Kf2 g5 29. h4 f4 30. Bh2 fxe3+ 0-1

[Event "World Junior Chess Championship U18 g"]
[Site "Gaziantep"]
[Date "2008.08.03"]
[Round "1.13"]
[White "Abrahamyan, Tatev"]
[Black "Kalashyan, Varduhi"]
[Result "1-0"]
[WhiteElo "2277"]
[BlackElo "2049"]
[PlyCount "79"]
[EventDate "2008.08.??"]
[EventType "swiss"]
[EventRounds "13"]
[EventCountry "TUR"]

1. e4 c5 2. Nf3 d6 3. d4 cxd4 4. Nxd4 Nf6 5. Nc3 a6 6. Be3 e5 7. Nb3 Be6 8. f3
h5 9. Qd2 Nbd7 10. O-O-O b5 11. Kb1 b4 12. Nd5 Bxd5 13. exd5 a5 14. Bb5 Be7 15.
Bc6 Rc8 16. Qe2 Qc7 17. Qa6 Bd8 18. Bb6 Qb8 19. Bxd8 Rxd8 20. Nxa5 O-O 21. Bxd7
Rxd7 22. Nc6 Qb7 23. Qc4 Rc8 24. Qxb4 Nxd5 25. Qxb7 Rxb7 26. Rxd5 Rxc6 27. Rhd1
Rbb6 28. a4 Kf8 29. a5 Ra6 30. c3 Ke7 31. Kc2 Rc4 32. b3 Rh4 33. h3 g5 34. b4
g4 35. Ra1 gxh3 36. b5 Rxa5 37. Rxa5 h2 38. Ra7+ Kd8 39. Rxd6+ Kc8 40. Rh6 1-0

[Event "World Junior Chess Championship U18 g"]
[Site "Gaziantep"]
[Date "2008.08.03"]
[Round "1.14"]
[White "Guo, Qi"]
[Black "Paikidze, Nazi"]
[Result "1/2-1/2"]
[WhiteElo "2048"]
[BlackElo "2277"]
[PlyCount "100"]
[EventDate "2008.08.??"]
[EventType "swiss"]
[EventRounds "13"]
[EventCountry "TUR"]

1. d4 d5 2. c4 c6 3. Nf3 Nf6 4. Nc3 e6 5. e3 Nbd7 6. Qc2 Bd6 7. Bd3 dxc4 8.
Bxc4 b5 9. Bd3 Bb7 10. O-O O-O 11. Rd1 Qe7 12. h3 b4 13. Ne2 c5 14. e4 c4 15.
Qxc4 Rfc8 16. Qb3 Nxe4 17. Re1 h6 18. Bf4 Nef6 19. Ne5 Nh5 20. Bb5 Nxe5 21.
dxe5 Bc5 22. Be3 Bxg2 23. Nd4 Bxd4 24. Bxd4 Qh4 25. Kxg2 Qxd4 26. Qf3 Qd5 27.
Qxd5 Nf4+ 28. Kf3 Nxd5 29. Rac1 Rab8 30. Ba6 Rd8 31. Red1 Kf8 32. Rd4 Ke7 33.
Rc5 f6 34. Ke4 b3 35. a3 Rd7 36. Bb5 Rdb7 37. a4 fxe5 38. Kxe5 Rf8 39. Rg4 Rf5+
40. Kd4 g5 41. h4 Rxf2 42. hxg5 hxg5 43. Rxg5 Kf6 44. Rg1 Rxb2 45. Rf1+ Ke7 46.
Rg1 Rb8 47. Rc6 Rd2+ 48. Ke5 Kf7 49. Rf1+ Kg7 50. Rg1+ Kf7 1/2-1/2

[Event "World Junior Chess Championship U18 g"]
[Site "Gaziantep"]
[Date "2008.08.03"]
[Round "1.15"]
[White "Tsatsalashvili, Keti"]
[Black "Chierici, Marianna"]
[Result "1-0"]
[WhiteElo "2271"]
[BlackElo "2037"]
[PlyCount "101"]
[EventDate "2008.08.??"]
[EventType "swiss"]
[EventRounds "13"]
[EventCountry "TUR"]

1. d4 Nf6 2. c4 c5 3. d5 e5 4. Nc3 d6 5. e4 Be7 6. Nge2 Nbd7 7. Ng3 O-O 8. Be2
Ne8 9. Nf5 g6 10. Nxe7+ Qxe7 11. Bh6 Ng7 12. h4 f5 13. h5 gxh5 14. Bxh5 Nf6 15.
Bf3 a6 16. Qe2 b5 17. Bg5 b4 18. Na4 Qe8 19. Nb6 Ra7 20. Nxc8 Qxc8 21. O-O-O
fxe4 22. Bxe4 Nxe4 23. Qxe4 Qf5 24. Qxf5 Rxf5 25. Be3 Raf7 26. g4 R5f6 27. Rh4
Rg6 28. Rdh1 Ne8 29. g5 Nc7 30. Kc2 Na8 31. a3 bxa3 32. b3 a5 33. Ra1 Ra7 34.
Rxa3 Ra6 35. Rh1 Nb6 36. Rha1 a4 37. Kd3 Rg7 38. bxa4 Rga7 39. a5 Nd7 40. Bd2
Nf8 41. Rb3 Kg7 42. Rab1 Nd7 43. Ke4 Kg6 44. Rb7 Kf7 45. Kf5 Ke8 46. Ke6 Kd8
47. R1b3 Kc8 48. Rxa7 Rxa7 49. Kxd6 Ra6+ 50. Ke7 Kc7 51. Rh3 1-0

[Event "World Junior Chess Championship U18 g"]
[Site "Gaziantep"]
[Date "2008.08.03"]
[Round "1.16"]
[White "Bayrak, Asli"]
[Black "Pourkashiyan, Atousa"]
[Result "0-1"]
[WhiteElo "2013"]
[BlackElo "2269"]
[PlyCount "72"]
[EventDate "2008.08.??"]
[EventType "swiss"]
[EventRounds "13"]
[EventCountry "TUR"]

1. e4 c5 2. Nc3 e6 3. g3 d5 4. exd5 exd5 5. Bg2 Nf6 6. Nge2 d4 7. Ne4 Nxe4 8.
Bxe4 Bd6 9. O-O Nd7 10. c3 Nf6 11. Bg2 d3 12. Nf4 O-O 13. Nxd3 Bxg3 14. fxg3
Qxd3 15. Qf3 Rd8 16. b3 Rb8 17. Qxd3 Rxd3 18. Rf3 Rd8 19. d4 cxd4 20. Bf4 Ra8
21. Rd3 Bf5 22. Rxd4 Rxd4 23. cxd4 Rd8 24. Bxb7 Rxd4 25. Be3 Rd7 26. Bc8 Re7
27. Bxf5 Rxe3 28. Kf2 Re5 29. Bd3 Ng4+ 30. Kg2 Rd5 31. Rc1 g6 32. Rc8+ Kg7 33.
Bc4 Rd2+ 34. Kg1 Rxa2 35. Re8 Kf6 36. Rb8 Nxh2 0-1

[Event "World Junior Chess Championship U18 g"]
[Site "Gaziantep"]
[Date "2008.08.03"]
[Round "1.17"]
[White "Dauletova, Gulmira"]
[Black "Albano, Jeremias Bianca"]
[Result "1-0"]
[WhiteElo "2267"]
[BlackElo "1990"]
[PlyCount "59"]
[EventDate "2008.08.??"]
[EventType "swiss"]
[EventRounds "13"]
[EventCountry "TUR"]

1. e4 e6 2. d4 d5 3. Nc3 Nf6 4. e5 Nfd7 5. f4 c5 6. Nf3 Nc6 7. Be3 cxd4 8. Nxd4
Bc5 9. Qd2 a6 10. O-O-O O-O 11. h4 Nxd4 12. Bxd4 b5 13. Rh3 Qa5 14. Kb1 b4 15.
Ne2 Bb7 16. a3 Qc7 17. axb4 Bxd4 18. Nxd4 a5 19. b5 Nc5 20. Qe1 Rfc8 21. h5 Qd8
22. f5 exf5 23. Nxf5 Ne6 24. Rg3 Qc7 25. Bd3 Kh8 26. Nd6 Rf8 27. Qf2 Bc8 28.
Qf5 g6 29. Qf6+ Kg8 30. Nf5 1-0

[Event "World Junior Chess Championship U18 g"]
[Site "Gaziantep"]
[Date "2008.08.03"]
[Round "1.18"]
[White "Hegarty, Sarah"]
[Black "Mikadze, Miranda"]
[Result "0-1"]
[WhiteElo "1966"]
[BlackElo "2258"]
[PlyCount "62"]
[EventDate "2008.08.??"]
[EventType "swiss"]
[EventRounds "13"]
[EventCountry "TUR"]

1. e4 d5 2. exd5 Qxd5 3. Nc3 Qa5 4. d4 Nf6 5. Nf3 c6 6. Bc4 Bf5 7. Bd2 e6 8.
Nh4 Bg6 9. Nxg6 hxg6 10. Qe2 Bb4 11. O-O-O Nbd7 12. f3 O-O-O 13. a3 Bxc3 14.
Bxc3 Qc7 15. g3 Nb6 16. Ba5 Rh5 17. b4 Qe7 18. Bxb6 axb6 19. g4 Rh3 20. Rd3 b5
21. Bb3 Qd6 22. c3 Rdh8 23. Rd2 Qf4 24. Bd1 Nd5 25. Kb2 Ne3 26. Bb3 Rxf3 27. a4
Nxg4 28. Bxe6+ fxe6 29. Qxe6+ Kb8 30. Re2 Re3 31. Rxe3 Nxe3 0-1

[Event "World Junior Chess Championship U18 g"]
[Site "Gaziantep"]
[Date "2008.08.03"]
[Round "1.19"]
[White "Padmini, Rout"]
[Black "Wiid, Daleen"]
[Result "1-0"]
[WhiteElo "2257"]
[BlackElo "1931"]
[PlyCount "57"]
[EventDate "2008.08.??"]
[EventType "swiss"]
[EventRounds "13"]
[EventCountry "TUR"]

1. e4 d5 2. exd5 Qxd5 3. Nc3 Qd6 4. d4 Nf6 5. Nf3 a6 6. g3 g6 7. Bg2 Bg7 8. O-O
O-O 9. Bf4 Qd8 10. Qd2 Nc6 11. Rad1 e6 12. Bh6 Rb8 13. Bxg7 Kxg7 14. Ne5 Nb4
15. Ne2 Nbd5 16. c4 Ne7 17. Nf4 b6 18. Rfe1 Bb7 19. Nxf7 Kxf7 20. Nxe6 Qd6 21.
Bxb7 Rxb7 22. Nxf8 Kxf8 23. d5 Kg7 24. Re6 Qd7 25. Qc3 Neg8 26. g4 Kf7 27. g5
Nh5 28. Rd3 Ne7 29. Qh8 1-0

[Event "World Junior Chess Championship U18 g"]
[Site "Gaziantep"]
[Date "2008.08.03"]
[Round "1.20"]
[White "Acar, Gizem"]
[Black "Corke, Anya"]
[Result "0-1"]
[WhiteElo "1931"]
[BlackElo "2255"]
[PlyCount "52"]
[EventDate "2008.08.??"]
[EventType "swiss"]
[EventRounds "13"]
[EventCountry "TUR"]

1. e4 e6 2. d4 d5 3. Nd2 Nf6 4. exd5 exd5 5. Ngf3 Bf5 6. Be2 Bd6 7. Ne5 O-O 8.
g4 Be6 9. g5 Ne4 10. Nxe4 dxe4 11. Ng4 Nd7 12. h4 f5 13. gxf6 Nxf6 14. Bg5 Be7
15. Ne5 c5 16. Rg1 cxd4 17. Bh6 Ne8 18. Qd2 Bf6 19. Bf4 e3 20. fxe3 Bxh4+ 21.
Kd1 Bf2 22. Bg4 Bxg4+ 23. Rxg4 dxe3 24. Qd3 h5 25. Rg6 Rxf4 26. Nd7 Rf7 0-1

[Event "World Junior Chess Championship U18 g"]
[Site "Gaziantep"]
[Date "2008.08.03"]
[Round "1.21"]
[White "Borosova, Zuzana"]
[Black "Bukovec, Tina"]
[Result "1-0"]
[WhiteElo "2254"]
[BlackElo "1929"]
[PlyCount "67"]
[EventDate "2008.08.??"]
[EventType "swiss"]
[EventRounds "13"]
[EventCountry "TUR"]

1. e4 c5 2. Nf3 Nc6 3. d4 cxd4 4. Nxd4 g6 5. c4 Bg7 6. Be3 Nf6 7. Nc3 O-O 8.
Be2 b6 9. O-O Bb7 10. f3 e6 11. Ndb5 d5 12. cxd5 exd5 13. exd5 Nb4 14. d6 Nfd5
15. Nxd5 Nxd5 16. Bd4 Bh6 17. Bf2 Be3 18. Bc4 Bxf2+ 19. Rxf2 Ne3 20. Qe2 Qg5
21. Re1 Nxc4 22. Qxc4 Ba6 23. a4 Rac8 24. Qd3 Rfd8 25. d7 Rb8 26. Rfe2 Qc5+ 27.
Kh1 Bxb5 28. axb5 Kg7 29. h3 Rb7 30. Re7 Qc7 31. Qd4+ Kh6 32. Rxf7 Qc5 33. Qh4+
Qh5 34. Qxd8 1-0

[Event "World Junior Chess Championship U18 g"]
[Site "Gaziantep"]
[Date "2008.08.03"]
[Round "1.22"]
[White "Misovic, Sanja"]
[Black "Ivakhinova, Inna"]
[Result "0-1"]
[WhiteElo "1914"]
[BlackElo "2248"]
[PlyCount "60"]
[EventDate "2008.08.??"]
[EventType "swiss"]
[EventRounds "13"]
[EventCountry "TUR"]

1. d4 d5 2. c4 dxc4 3. Nf3 e6 4. e3 Nf6 5. Bxc4 a6 6. Nc3 b5 7. Bb3 Bb7 8. O-O
c5 9. Qe2 Nbd7 10. Rd1 Qb8 11. d5 exd5 12. Nxd5 Nxd5 13. Bxd5 Bxd5 14. Rxd5 Be7
15. b3 Qb7 16. Rd2 Nf6 17. Bb2 Ne4 18. Rc2 O-O 19. Nd2 Nxd2 20. Rxd2 Qe4 21.
Rad1 Rfd8 22. f3 Qe6 23. e4 h6 24. Qe1 Qb6 25. Kf1 Rxd2 26. Rxd2 Rd8 27. Qg3 f6
28. Rxd8+ Qxd8 29. e5 Qd3+ 30. Kg1 Qb1+ 0-1

[Event "World Junior Chess Championship U18 g"]
[Site "Gaziantep"]
[Date "2008.08.03"]
[Round "1.23"]
[White "Nikolova, Adriana"]
[Black "Boyarchenko, Marie"]
[Result "1-0"]
[WhiteElo "2242"]
[BlackElo "1895"]
[PlyCount "67"]
[EventDate "2008.08.??"]
[EventType "swiss"]
[EventRounds "13"]
[EventCountry "TUR"]

1. e4 c5 2. Nf3 e6 3. d4 cxd4 4. Nxd4 a6 5. Bd3 Qc7 6. O-O Nf6 7. Qe2 d6 8. Nc3
Be7 9. Nb3 O-O 10. f4 Nbd7 11. Bd2 b6 12. Nd1 Bb7 13. Nf2 Rfe8 14. Bc3 Nf8 15.
Qe3 Rac8 16. Bd4 N8d7 17. e5 Nd5 18. Qh3 Nf8 19. Ng4 Ng6 20. a3 Rcd8 21. c4 f5
22. cxd5 fxg4 23. Qxg4 Bxd5 24. Rac1 Qb7 25. Bxg6 hxg6 26. Rc3 Rc8 27. Rg3 Bf8
28. exd6 Bxd6 29. Qxg6 Bf8 30. Nd2 b5 31. Rh3 Qd7 32. Bc3 Bc5+ 33. Kh1 Qf7 34.
Rh8+ 1-0

[Event "World Junior Chess Championship U18 g"]
[Site "Gaziantep"]
[Date "2008.08.03"]
[Round "1.24"]
[White "Antonova, Nadezhda"]
[Black "Muminova, Nafisa"]
[Result "0-1"]
[WhiteElo "1883"]
[BlackElo "2242"]
[PlyCount "94"]
[EventDate "2008.08.??"]
[EventType "swiss"]
[EventRounds "13"]
[EventCountry "TUR"]

1. Nf3 Nf6 2. d4 e6 3. c4 c5 4. Nc3 cxd4 5. Nxd4 Qb6 6. e3 Nc6 7. Be2 a6 8. O-O
Be7 9. Qb3 Qc7 10. Rd1 O-O 11. Nxc6 bxc6 12. e4 Rb8 13. Qc2 Bb7 14. Rd3 d5 15.
exd5 cxd5 16. cxd5 Bxd5 17. Qd1 Bb7 18. Bg5 Rbd8 19. Rc1 Ng4 20. Bxg4 Bxg5 21.
Rc2 Rxd3 22. Qxd3 Rd8 23. Qe2 Qb6 24. h3 Bf4 25. Bf3 Bxf3 26. Qxf3 Be5 27. Na4
Qb4 28. Nc3 h6 29. g3 a5 30. Kg2 g6 31. Qe3 Bg7 32. Rd2 Rc8 33. Rc2 Rc4 34. Qf3
Qb8 35. Qd3 Qc8 36. Qf3 Qd8 37. Qe2 Rd4 38. Qb5 Qa8+ 39. Kh2 h5 40. Rc1 h4 41.
Qe2 Qb8 42. Nd1 Be5 43. Qe3 Qd6 44. Rc8+ Kg7 45. Rd8 hxg3+ 46. fxg3 Qxd8 47.
Qxe5+ f6 0-1

[Event "World Junior Chess Championship U18 g"]
[Site "Gaziantep"]
[Date "2008.08.03"]
[Round "1.25"]
[White "Nadig, Kruttika"]
[Black "Garcia, Liria Caetano"]
[Result "1-0"]
[WhiteElo "2241"]
[BlackElo "1792"]
[PlyCount "41"]
[EventDate "2008.08.??"]
[EventType "swiss"]
[EventRounds "13"]
[EventCountry "TUR"]

1. e4 c6 2. d4 d5 3. exd5 cxd5 4. c4 Nf6 5. Nc3 Nc6 6. Bg5 Ne4 7. Nxe4 dxe4 8.
d5 Nb8 9. Qc2 Bf5 10. f3 e3 11. Qc3 Qc7 12. Bxe3 e6 13. g4 a5 14. c5 Bg6 15.
Bb5+ Nd7 16. d6 Qd8 17. Rd1 a4 18. c6 bxc6 19. Qxc6 Rb8 20. Ne2 Qa5+ 21. Nc3
1-0

[Event "World Junior Chess Championship U18 g"]
[Site "Gaziantep"]
[Date "2008.08.03"]
[Round "1.26"]
[White "Alavi, Hour Homa"]
[Black "Yildiz, Betül Cemre"]
[Result "0-1"]
[WhiteElo "1723"]
[BlackElo "2236"]
[PlyCount "62"]
[EventDate "2008.08.??"]
[EventType "swiss"]
[EventRounds "13"]
[EventCountry "TUR"]

1. d4 d5 2. Nf3 c5 3. e3 Nf6 4. c3 e6 5. Bd3 b6 6. Nbd2 Bb7 7. Qc2 Nc6 8. O-O
Rc8 9. a3 Bd6 10. Re1 O-O 11. Nf1 e5 12. dxe5 Nxe5 13. Nxe5 Bxe5 14. Ng3 Re8
15. Bd2 g6 16. Rad1 Ng4 17. Be2 Qh4 18. Bxg4 Qxg4 19. Qd3 h5 20. Qe2 Qa4 21.
Bc1 h4 22. Nf1 h3 23. gxh3 f5 24. f3 Rc7 25. Qg2 Qh4 26. Ng3 Rf8 27. Kh1 Rg7
28. e4 dxe4 29. fxe4 f4 30. Nf1 Bc8 31. Rd3 Qxe1 0-1

[Event "World Junior Chess Championship U18 g"]
[Site "Gaziantep"]
[Date "2008.08.03"]
[Round "1.27"]
[White "Pertlova, Sona"]
[Black "Anton, Sarah"]
[Result "1-0"]
[WhiteElo "2217"]
[BlackElo "1681"]
[PlyCount "87"]
[EventDate "2008.08.??"]
[EventType "swiss"]
[EventRounds "13"]
[EventCountry "TUR"]

1. d4 Nf6 2. c4 g6 3. g3 Bg7 4. Bg2 O-O 5. Nc3 d6 6. Nf3 Nbd7 7. O-O e5 8. h3
a5 9. e4 h6 10. Be3 exd4 11. Nxd4 Ne5 12. b3 c6 13. f4 Ned7 14. Qc2 Nc5 15.
Rad1 Qc7 16. Rfe1 Re8 17. Bf2 Bd7 18. Nf3 Rad8 19. g4 Qc8 20. e5 Nxg4 21. hxg4
Bxg4 22. Bxc5 dxc5 23. Ne4 Bf5 24. Qe2 Bxe4 25. Qxe4 f5 26. Qe3 b6 27. Qc1 Bf8
28. Rxd8 Rxd8 29. Rd1 Be7 30. Rxd8+ Qxd8 31. Qd2 Qc8 32. Ne1 Qe6 33. Qd3 Kg7
34. Qf3 Qd7 35. Qd3 Qe6 36. Kf1 g5 37. Qf3 g4 38. Qxc6 Qxc6 39. Bxc6 h5 40. Kg1
Kg6 41. Be8+ Kh6 42. Ng2 h4 43. Ne3 Kg7 44. Nxf5+ 1-0

[Event "World Junior Chess Championship U18 g"]
[Site "Gaziantep"]
[Date "2008.08.03"]
[Round "1.28"]
[White "Karayaylali, Pinar"]
[Black "Gasik, Anna"]
[Result "0-1"]
[WhiteElo "1597"]
[BlackElo "2211"]
[PlyCount "74"]
[EventDate "2008.08.??"]
[EventType "swiss"]
[EventRounds "13"]
[EventCountry "TUR"]

1. e4 Nf6 2. e5 Nd5 3. d4 d6 4. c4 Nb6 5. Nf3 Bg4 6. exd6 cxd6 7. Be3 Nc6 8.
Nbd2 g6 9. Be2 Bg7 10. O-O O-O 11. h3 Bf5 12. a3 e5 13. dxe5 dxe5 14. Ng5 Nd4
15. Nge4 h6 16. Rc1 Qe7 17. Bxd4 exd4 18. Bd3 Rac8 19. Re1 Qd7 20. Qf3 Na4 21.
Rc2 Rfe8 22. Rec1 Be6 23. Qg3 Red8 24. c5 Kh7 25. b4 Nc3 26. Nd6 Rc7 27. N2e4
f5 28. Nxc3 dxc3 29. Bb5 Qe7 30. Re2 Qf6 31. Ne8 Rxe8 32. Bxe8 Re7 33. Ba4 f4
34. Qf3 Bd5 35. Qd3 Rxe2 36. Qxe2 f3 37. Qd3 Qg5 0-1

[Event "World Junior Chess Championship U18 g"]
[Site "Gaziantep"]
[Date "2008.08.03"]
[Round "1.29"]
[White "Isgandarova, Khayala"]
[Black "Kaya, Sena Nur"]
[Result "1-0"]
[WhiteElo "2207"]
[BlackElo "1529"]
[PlyCount "55"]
[EventDate "2008.08.??"]
[EventType "swiss"]
[EventRounds "13"]
[EventCountry "TUR"]

1. e4 c5 2. Nf3 Nc6 3. Bb5 d6 4. Bxc6+ bxc6 5. O-O e5 6. Re1 Nf6 7. c3 Bg4 8.
Na3 Be7 9. h3 Bxf3 10. Qxf3 O-O 11. Nc4 Nd7 12. d3 Nb6 13. Ne3 Rb8 14. Nf5 Bf6
15. Qg4 Kh8 16. f4 Nd7 17. Nxd6 exf4 18. Bxf4 Rxb2 19. Nc4 Rc2 20. e5 Bh4 21.
g3 Be7 22. Rad1 Rxc3 23. Qe2 Nxe5 24. Nxe5 Qd4+ 25. Kh2 Bf6 26. Qe4 Rc2+ 27.
Rd2 Rxd2+ 28. Bxd2 1-0

[Event "World Junior Chess Championship U18 g"]
[Site "Gaziantep"]
[Date "2008.08.04"]
[Round "2.1"]
[White "Corke, Anya"]
[Black "Harika, Dronavalli"]
[Result "0-1"]
[WhiteElo "2255"]
[BlackElo "2461"]
[PlyCount "126"]
[EventDate "2008.08.??"]
[EventType "swiss"]
[EventRounds "13"]
[EventCountry "TUR"]

1. d4 Nf6 2. Bg5 Ne4 3. Bf4 c5 4. f3 Qa5+ 5. c3 Nf6 6. d5 Qb6 7. Bc1 e6 8. c4
exd5 9. cxd5 c4 10. e3 Bc5 11. Kf2 O-O 12. Bxc4 Re8 13. Qb3 Qd8 14. Ne2 d6 15.
Rd1 a6 16. a4 Nbd7 17. Ng3 h5 18. Nf1 Ne5 19. Be2 Ng6 20. Nc3 h4 21. Kg1 Nf4
22. Kh1 Nxe2 23. Nxe2 h3 24. gxh3 Bxh3 25. Nf4 Bxf1 26. Rxf1 Re5 27. e4 Nh5 28.
Be3 Qh4 29. Nxh5 Rxh5 30. Rf2 Bxe3 31. Qxe3 Re8 32. Rg1 Qf6 33. Rfg2 g6 34. Rc1
Rxd5 35. Qb3 Rc5 36. Rcg1 Kf8 37. Qe3 Rh5 38. Rd2 d5 39. Qa3+ Kg8 40. exd5 Qf4
41. Qc3 Kh7 42. Rf2 Qd6 43. Rg4 Qxd5 44. Qf6 Re1+ 45. Kg2 Ree5 46. Qf4 Ref5 47.
Qd4 Qc6 48. Rg3 Qc7 49. b3 Rfg5 50. f4 Qc6+ 51. Rff3 Rc5 52. h3 Rc2+ 53. Kg1
Rd5 54. Qe3 Rd1+ 55. Rf1 Rxf1+ 56. Kxf1 Rc1+ 57. Kf2 Qh1 58. Rg4 Qh2+ 59. Kf3
Rf1+ 60. Ke4 Qc2+ 61. Ke5 Kg7 62. Qd4 Rd1 63. Qe3 Qf5# 0-1

[Event "World Junior Chess Championship U18 g"]
[Site "Gaziantep"]
[Date "2008.08.04"]
[Round "2.2"]
[White "Muzychuk, Mariya"]
[Black "Borosova, Zuzana"]
[Result "1-0"]
[WhiteElo "2413"]
[BlackElo "2254"]
[PlyCount "123"]
[EventDate "2008.08.??"]
[EventType "swiss"]
[EventRounds "13"]
[EventCountry "TUR"]

1. e4 e5 2. Nf3 Nc6 3. d4 exd4 4. Nxd4 Nf6 5. Nxc6 bxc6 6. e5 Qe7 7. Qe2 Nd5 8.
c4 Ba6 9. b3 g5 10. h4 Bg7 11. Bb2 O-O-O 12. Nd2 Nb4 13. O-O-O c5 14. Qe3 Nc6
15. Qxg5 Bxe5 16. Qxe7 Bxb2+ 17. Kxb2 Nxe7 18. Ne4 d6 19. Bd3 h6 20. Nf6 Bb7
21. Rhe1 Ng6 22. g3 Kb8 23. Be2 Ne5 24. Bh5 Nd7 25. Nxd7+ Rxd7 26. Re5 Bc8 27.
Rf5 Re7 28. Rf6 Bd7 29. Rd2 Be8 30. a3 a5 31. Kc3 Kb7 32. Rd5 Re6 33. Rf4 Re7
34. Rdf5 Rh7 35. Rf6 Kb6 36. Kd2 Ka7 37. Bf3 Kb6 38. Bd5 Ka7 39. Re4 Rxe4 40.
Bxe4 Rh8 41. Bd5 Kb6 42. Rf4 Rh7 43. Re4 Bc6 44. Bxc6 Kxc6 45. Re8 Rg7 46. Rf8
Kb7 47. Kd3 c6 48. Ke4 h5 49. a4 Rh7 50. Re8 Kc7 51. Ra8 Kb7 52. Rd8 Kc7 53.
Re8 f6 54. Rf8 Re7+ 55. Kd3 Re6 56. Rh8 Re5 57. Rh6 Rf5 58. f4 d5 59. Rh7+ Kb6
60. Rd7 Ka6 61. Ke3 Kb6 62. Kf3 1-0

[Event "World Junior Chess Championship U18 g"]
[Site "Gaziantep"]
[Date "2008.08.04"]
[Round "2.3"]
[White "Nemcova, Katerina"]
[Black "Ivakhinova, Inna"]
[Result "1/2-1/2"]
[WhiteElo "2372"]
[BlackElo "2248"]
[PlyCount "116"]
[EventDate "2008.08.??"]
[EventType "swiss"]
[EventRounds "13"]
[EventCountry "TUR"]

1. e4 c5 2. Nf3 d6 3. d4 cxd4 4. Nxd4 Nf6 5. Nc3 a6 6. Be3 Ng4 7. Bg5 h6 8. Bh4
g5 9. Bg3 Bg7 10. h3 Ne5 11. f3 Nbc6 12. Bf2 Ng6 13. Qd2 Qa5 14. a3 Be6 15.
O-O-O Rc8 16. Kb1 O-O 17. Be3 Rc7 18. h4 Nxd4 19. Bxd4 Rfc8 20. Bxg7 Kxg7 21.
Qd4+ f6 22. Nd5 Bxd5 23. exd5 Qc5 24. hxg5 hxg5 25. c3 Qxd4 26. Rxd4 Rc5 27.
Bd3 Rf8 28. Kc2 Rh8 29. Rxh8 Nxh8 30. Rb4 Rc7 31. Kb3 Ng6 32. Bxg6 Kxg6 33. g4
Kf7 34. Rc4 Rd7 35. Re4 Rc7 36. Kb4 Ke8 37. a4 Rc5 38. Rd4 Kd7 39. Kb3 e6 40.
dxe6+ Kxe6 41. Kc2 d5 42. Kd3 Ke5 43. Rb4 Rc7 44. Ke3 Rh7 45. a5 Rc7 46. f4+
gxf4+ 47. Rxf4 Rc5 48. Rb4 Rc7 49. Kf3 Rg7 50. Rb6 Rc7 51. Rb4 Rg7 52. Rd4 Rc7
53. Rf4 Rc5 54. Rb4 Rc7 55. Ke3 Rg7 56. Kd3 Rd7 57. Rd4 Rc7 58. Ke3 Rc5 1/2-1/2